ផ្កាដែលខ្ញុំចូលចិត្ត​ / (Record no. 1150)

MARC details
000 -LEADER
fixed length control field 01236nam a22002897a 4500
005 - DATE AND TIME OF LATEST TRANSACTION
control field 20230808103959.0
020 ## - INTERNATIONAL STANDARD BOOK NUMBER
International Standard Book Number 9789924340294
040 ## - CATALOGING SOURCE
Original cataloging agency FISKH
Language of cataloging eng
Transcribing agency FISKH
Modifying agency FISKH
082 ## - DEWEY DECIMAL CLASSIFICATION NUMBER
Classification number 582.13
100 ## - MAIN ENTRY--PERSONAL NAME
Personal name Vanthary, Oum
245 ## - TITLE STATEMENT
Title ផ្កាដែលខ្ញុំចូលចិត្ត​ /
246 ## - VARYING FORM OF TITLE
Title proper/short title My favorite flower
250 ## - EDITION STATEMENT
Edition statement បោះពុម្ភលើកទី ៤ មេសា ២០២១
260 ## - PUBLICATION, DISTRIBUTION, ETC.
Place of publication, distribution, etc. Phnom Penh :
Name of publisher, distributor, etc. Sipar,
Date of publication, distribution, etc. 2021.
300 ## - PHYSICAL DESCRIPTION
Extent 16 unnumbered pages :
Other physical details color illustrations ;
Dimensions 18 cm
505 ## - FORMATTED CONTENTS NOTE
Formatted contents note aa
520 ## - SUMMARY, ETC.
Summary, etc. កុមាតូចនិងបានរៀនពីពាក្យដំបូងដែលទាក់ទងទៅនឹងឈ្មោះផ្កានិមួយៗអមជាមួយនឹងរូបភាពពណ៍ផងដែរ ។
520 ## - SUMMARY, ETC.
Summary, etc. Basic vocabulary of different flowers with color painted pictures are introduced to young children.
521 ## - TARGET AUDIENCE NOTE
Target audience note 10 <br/>
Source Lexile estimate <br/>
521 ## - TARGET AUDIENCE NOTE
Target audience note aa <br/>
Source Raz-Plus <br/>
650 ## - SUBJECT ADDED ENTRY--TOPICAL TERM
Topical term or geographic name entry element ផ្កា
Form subdivision រូបភាព
650 ## - SUBJECT ADDED ENTRY--TOPICAL TERM
Topical term or geographic name entry element Flower
Form subdivision Picture
700 ## - ADDED ENTRY--PERSONAL NAME
Personal name Samphos, Try
Titles and other words associated with a name illustrator
942 ## - ADDED ENTRY ELEMENTS (KOHA)
Source of classification or shelving scheme Dewey Decimal Classification
Koha item type Books
Suppress in OPAC No
999 ## -
-- 1150
-- 1150
Holdings
Withdrawn status Lost status Source of classification or shelving scheme Damaged status Not for loan Collection Home library Current library Shelving location Date acquired Total Checkouts Full call number Barcode Date last seen Copy number Price effective from Koha item type Date due Date last checked out
    Dewey Decimal Classification     Khmer-English Bilingual / ភាសាខ្មែរ-អង់គ្លេស Footprints International School Library Network Toul Kork Campus Footprints International School Library Network Toul Kork Campus TK Campus, Room B402, Khmer Book Case 16, Shelves 112-123 / ទូរសៀវភៅខ្មែរលេខ ១៦​ ធ្នើរ ១១២ ដល់ ១២៣ បន្ទប់ B402 សាខាទួលគោក 08/04/2023   VAN 582.13 2023-0179 08/04/2023 1 08/04/2023 Books    
    Dewey Decimal Classification     Khmer-English Bilingual / ភាសាខ្មែរ-អង់គ្លេស Footprints International School Library Network Toul Kork Campus Footprints International School Library Network Toul Kork Campus TK Campus, Room B402, Khmer Book Case 16, Shelves 112-123 / ទូរសៀវភៅខ្មែរលេខ ១៦​ ធ្នើរ ១១២ ដល់ ១២៣ បន្ទប់ B402 សាខាទួលគោក 08/04/2023 2 VAN 582.13 2023-0180 11/13/2025 2 08/04/2023 Books 11/27/2025 11/13/2025